00742nam a2200181Ia 4500008004100000020001500041041001200056082001600068100001600084245003800100260004000138300000800178650000800186942000700194999001500201952017200216952017200388221030s9999 xx 000 0 und d a8187433450 aEnglish a105.23bGup aB. R. Gupta 0aPower Electronicscby B. R. Gupta bS.K Kataria & SonsaNew Delhic2000 a430 aECE cBK c6636d6636 pBE 1960g125.00l0o105.23 Gupr2024-06-13 00:00:00w2022-10-30yBK003Print4070aMIETLIBbMIETLIBcBL-Academic Block- A, FL-1, CUP-13, SH-4, R-4d2000-09-2210HBE pBE 1961g130.00l0o105.23 Gupr2024-06-13 00:00:00w2022-10-30yBK003Print4070aMIETLIBbMIETLIBcBL-Academic Block- A, FL-1, CUP-13, SH-4, R-4d2000-09-2210HBE